000 00695nam a2200217Ii 4500
003 JO-AjNU
008 230606s9999||||xx |||||||||||||| ||und||
020 _a0-314-08818-0,0-314-09710-4
040 _aJO-AjNU
_beng
_erda
_cJO-AjNU
041 _aeng
050 1 4 _aKF6335.H63.1996
100 3 _aWillis, Engene واخرون,
_eauthor
_93401
245 0 0 _aWest,s Federal Taxatlion : Comprehensive Volume
250 _a20th ed
264 3 1 _aNew York : West Publishing Company ، 1996
300 _aمتعدد الترقيم
336 _atext
_btxt
_2rdacontent
337 _aunmediated
_bn
_2rdamedia
338 _avolume
_bnc
_2rdacarrier
650 4 _aLnoone tax - United States - law
_93402
999 _aE1776
_c1776
_d1776